Dictionary of biotechnology
Uloženo v:
| Hlavní autor: | |
|---|---|
| Médium: | Kniha |
| Jazyk: | angličtina |
| Vydáno: |
Londres
Macmillan Press
1992
|
| Vydání: | 2a. ed |
| Témata: | |
| Tagy: |
Přidat tag
Žádné tagy, Buďte první, kdo vytvoří štítek k tomuto záznamu!
|
MARC
| LEADER | 00000nam a2200000 a 4500 | ||
|---|---|---|---|
| 001 | UCQ3062 | ||
| 003 | CL-VaPUC | ||
| 008 | 980817e19920000UK |||||||||||||||||eng|d | ||
| 082 | 0 | 4 | |a 663 |b COO |2 21 |
| 100 | 0 | |a Coombs, James |e author |9 417111 | |
| 245 | 1 | 0 | |a Dictionary of biotechnology |
| 250 | |a 2a. ed | ||
| 300 | |a 364 p | ||
| 942 | |c BK | ||
| 945 | |d 19980817 00:00:00 |a mvenant | ||
| 260 | |a Londres |b Macmillan Press |c 1992 | ||
| 650 | 0 | |a Biotecnología |9 259561 | |
| 650 | 0 | |a Diccionarios |9 256200 | |
| 583 | |a last modification |c 19980817 00:00:00 |k Rodrigo Vera | ||
| 999 | |c 273711 |d 273709 | ||
| 952 | |0 0 |1 0 |4 0 |6 663_000000000000000_COO_1992 |7 0 |8 X |9 309544 |a BIBCUR |b BIBCUR |d 2019-11-20 |i 3449416 |o 663 COO 1992 |p 3449416 |r 2025-04-22 |w 2019-11-20 |y BK_X |k BCB | ||